| 000 | 00540nam a2200205Ia 4500 | ||
|---|---|---|---|
| 005 | 20250326144151.0 | ||
| 008 | 250326s9999 xx 000 0 und d | ||
| 020 | _a0-415-34939-7 | ||
| 037 | _aTextbook | ||
| 040 |
_aFMSL _beng _cFMSL |
||
| 041 |
_aeng _2eng |
||
| 084 |
_aX:9 P5 _qFMSL |
||
| 100 |
_aPepaez A G _9749165 |
||
| 245 | 0 |
_aHuman rights and world trade _cPepaez A G |
|
| 260 |
_aNY _bNY, Routledge _c2005 |
||
| 300 | _a175p | ||
| 365 | _b5943.4830000000002 | ||
| 942 |
_cTB _hX:9 P5 |
||
| 999 |
_c1302635 _d1302635 |
||